01430nam a22002177a 4500008004100000020001800041040000800059041000800067050002700075100003400102245004000136260006200176300002500238520071900263650003600982650004801018655003001066942000801096952009301104999001501197251120b |||||||| |||| 00| 0 eng d a9781250330260 ctbs aeng aPS3616.I579 bH38 2024 aPinsker, Sarah926556eauthor aHaunt sweet home c/ Sarah Pinsker. aNew York, NY : bTordotcom, Tor Publishing Group, c2024. a163 pages ; c21 cm. a “Don’t talk to day about what we do at night.” When aimless twenty-something Mara lands a job as the night-shift production assistant on her cousin’s ghost hunting/home makeover reality TV show Haunt Sweet Home, she quickly determines her new role will require a healthy attitude toward duplicity. But as she hides fog machines in the woods and improvises scares to spook new homeowners, a series of unnerving incidents on set and a creepy new coworker force Mara to confront whether the person she's truly been deceiving and hiding from all along—is herself. Eerie and empathetic, Haunt Sweet Home is a multifaceted, supernatural exploration of finding your own way into adulthood, and into yourself. 0aHaunted houses vFiction925447 0aReality television programsvFiction926557 0aParanormal fiction922925 2lcc 00102lcc4070aTBSbTBSd2025-11-20l0oP-EN PINpB05620r2025-11-20t1w2025-11-20y1 c5193d5193